Responses for Show #6328 - Wednesday, March 7, 2012

David Gard game 4.

Contestants

[<< previous game]

Annie Lyon, a communications coordinator originally from Baltimore, Maryland

Stephen Shaw, a musician from Arlington, Texas

David Gard, a retail horticulturist from Jamaica Plain, Massachusetts (whose 3-day cash winnings total $69,900)

[next game >>]

Jeopardy! Round responses

PEOPLE
7-LETTER WORDS
GAMBLING
(Alex: You have to name the artist; we'll give you some of the...)
LYRICS OF THE ARTIST
BRIDGES
WHAT'S YOUR SPECIALTY, DR.?
    $200 16
(Stephen: Who is Pat Nixon?)

Betty Ford

StephenAnnie
    $200 7
a nursery

Stephen
    $200 1
roulette

Stephen
    $200 6
Madonna

David
    $200 26
San Francisco

Stephen
    $200 21
the skin

Stephen
    $400 17
Ralph Lauren

David
    $400 12
matinée

David
    $400 2
double down

David
    $400 8
Beck

Annie
    $400 27
the Seine

Annie
    $400 22
ear, nose & throat

David
    $600 18
Batman

Stephen
    $600 13
weather

Stephen
    $600 3
coming out

David
    $600 9
Justin Timberlake

Annie
    $600 28
the Rainbow Bridge

Triple Stumper
    $600 23
the liver

David
    $1,000 19
(Stephen: Who is Prince Charles?)
(Alex: No, Prince Charles is first in line, but his younger brother [*] is now fourth in line.)

Andrew

Stephen
    $800 14
density

David
    $800 4
baccarat

Stephen
    $800 10
Rihanna

Stephen
    $800 29
the East River

David
    $800 24
blood

David
    $1000 20
(Annie: Who is Mark Scott?)

Mark Kelly

Annie
Triple Stumper
    $1000 15
embrace

David
    $1000 5
progressive

Stephen
    $1000 11
Nelly Furtado

Annie
    $1000 30
Indonesia

David
    $1000 25
obesity

Stephen

Scores at the first commercial break (after clue 15):

David Stephen Annie
$3,400 $3,600 $2,000

Scores at the end of the Jeopardy! Round:

David Stephen Annie
$7,400 $4,400 $1,600

Double Jeopardy! Round responses

MOVIE TAGLINES
THIS & THAT
LOST ____
(Alex: Each correct response will be a word that will sound familiar in a 2-word expression that includes "lost".)
POET-TREE
SAND
AT THE JERSEY SHORE
    $400 1
My Fair Lady

David
    $400 12
Banana Republic

David
    $400 2
soul

David
    $400 7
(Annie: What is America?)

Africa

StephenAnnie
    $400 24
a sieve

David
    $400 19
Cape May

Stephen
    $800 8
(Stephen: What is The Wizard of Oz?)

Pinocchio

StephenAnnie
    $800 13
mosaic

Annie
    $800 3
opportunity

Annie
    $800 17
(David: Who is, uh... oh, Robert Louis Stevenson?)

Edward Lear

David
Triple Stumper
    $800 25
sand traps

David
    $800 20
Atlantic City

Stephen
    $1,800 9
The Bride of Frankenstein

Annie
    $1200 14
fandango

David
    $1200 4
generation

Triple Stumper
    $1200 18
forbidden tree

Triple Stumper
    $1200 26
quartz

David
    $1200 21
Garfield

David
    $1600 10
A Clockwork Orange

David
    $1600 15
Balmoral

David
    $1600 5
cause

Stephen
    $1600 29
Christina Rossetti

Annie
    $1600 27
sandbars

Triple Stumper
    $1600 22
(Annie: What is Wesley?)

Asbury Park

Annie
Triple Stumper
    $2000 11
Ed Wood

Triple Stumper
    $2000 16
eohippus

David
    $2000 6
Articles

David
    $2000 30
John Donne

Triple Stumper
    $2000 28
(Stephen: What are crystals?)

dunes

Stephen
Triple Stumper
    $2,600 23
Delaware

David

Scores at the end of the Double Jeopardy! Round:

David Stephen Annie
$22,400 $4,800 $5,400
(lock game)

[wagering suggestions for these scores]

Final Jeopardy! Round responses

CURRENT AMERICAN COMPANIES
StephenWhat is Purity?
$4,700
AnnieWhat is carat?
$5,399
DavidWhat is Fineness?
$7,600
Hallmark

Final scores:

David Stephen Annie
$14,800 $100 $1
4-day champion: $84,700 2nd place: $2,000 3rd place: $1,000

Game dynamics:

Coryat scores:

David Stephen Annie
$21,800 $5,800 $4,800
25 R
(including 1 DD),
1 W
14 R,
4 W
(including 1 DD)
10 R
(including 1 DD),
3 W

Combined Coryat: $32,400

[game clues] [game scores] [suggest correction]

Game tape date: 2011-11-29
The J! Archive is created by fans, for fans. Scraping, republication, monetization, and malicious use prohibited; this site may use cookies and collect identifying information. See terms. The Jeopardy! game show and all elements thereof, including but not limited to copyright and trademark thereto, are the property of Jeopardy Productions, Inc. and are protected under law. This website is not affiliated with, sponsored by, or operated by Jeopardy Productions, Inc. Join the discussion at JBoard.tv.